Thumbelina and The Tin Soldier
| Main Author: | |
|---|---|
| Format: | Book |
| Published: |
Britain :
Orchard Books ,
2000
|
| Series: | Orchard Fairy Tales
|
| Subjects: |
MARC
| LEADER | 00000cam a2200000 7i4500 | ||
|---|---|---|---|
| 001 | 0000050502 | ||
| 005 | 20150713.0 | ||
| 008 | 150713 | ||
| 020 | |a 1841216690 | ||
| 020 | |a 9781841216690 | ||
| 090 | 0 | 0 | |a CT |b ENG |
| 100 | 1 | |a Andrew Matthews | |
| 245 | 1 | 0 | |a Thumbelina and The Tin Soldier |c Andrew Matthews |
| 260 | |a Britain : |b Orchard Books , |c 2000 | ||
| 300 | |a 47pg. : |b Col.ill | ||
| 490 | 1 | |a Orchard Fairy Tales | |
| 650 | 0 | |a English Fiction | |
| 999 | |a 0001140566 |b Book |c Children Collection |e Cawangan Mersing | ||
| 999 | |a 0001140567 |b Book |c Children Collection |e Cawangan Bukit Gambir | ||